000 00670cam a2200193 a 4500
001 000010388
005 20200929162227.0
008 741028s1970 ve a 001 0 spa
040 _aDO-SdBNP
_bspa
_cLC
_dBNPHU
082 _a079.87
_bS941c
100 1 _aSubero, Jesús Manuel,
_d1922-
_925403
245 1 0 _aContribución a la historia del periodismo margariteño /
_cJesús Manuel Subero.
260 _aCaracas :
_bPresidencia de la República,
_c1970.
300 _a343 p. :
_bil. ;
_c23 cm.
650 4 _aPeriodismo
_zMargarita (Isla, Venezuela{Rpara}
_xHistoria
_925404
650 4 _aPrensa
_zVenezuela
_925405
910 _aCatalogación por copia / LC
049 _aBNGR
999 _c10147
_d10147